01888cam a2200337 a 450000100100000000500170001000800410002701000130006802000150008103500240009604000230012004100110014308200190015411100780017324500980025126000630034930000280041249001160044054600320055650003420058850400510093065000580098165100790103965000290111870000400114771001050118783000870129291000340137995201220141399900150153500000680820200929154011.0950615s1994 sp a b s100 0 spa  a95165022 a8478202072 a(SpBaP)pu 950003243 aDO-SdBNPcDLCdDLC0 aspafre a306.146bC749m2 aCongreso Muerte, Religiosidad y Cultura Popular, Siglos XIII-XVIII91892500aMuerte, religiosidad y cultura popular, siglos XIII-XVIII /cEliseo Serrano Martín, editor. aZaragoza :bInstitución "Fernando el Católico",c1994. a581 p. :bil. ;c24 cm.1 aPublicación número 1,640 de la Institución "Fernando el Católico" de la Excma. Diputación de Zaragoza aOne contribution in French. a"El congreso sobre Muerte, religiosidad y cultura popular, siglos XIII-XVIII, se celebro del 12 al 14 de diciembre de 1990 en el Aula Magna de la Facultad de Filosofía y Letras de la Universidad de Zaragoza, organizado por la Seccion de Historia y Ciencias Historiográficas de la Institucion 'Fernando el Católico'"--P. facing t.p. aIncluye notas y referencia al pie de páginas 4aCultura popularzEspañaxHistoriavCONGRESOS918926 4aEspañaxVida Religiosa Y CostumbresxSiglos Xiii-XviiixCongresos918927 4aMuertexCongresos9189281 aSerrano Martin, Eliseo.eed.9189292 aInstitución "Fernando el Católico."bSección de Historia y Ciencias Historiográficas.918930 0aPublicación ... de la Institución "Fernando el Católico" ;vno. 1640.914723 aCatalogación por copia / LC 001052708MOaGRbGRcCTd2009-09-02iLF1l0o306.146 C749mp6808-10r2020-06-25w2020-06-25y2ZPréstamo interno c6596d6596